On concentration and suggestion in poetry, (Record no. 20532)

MARC details
000 -LEADER
fixed length control field 00619cam a22002171 4500
001 - CONTROL NUMBER
control field e 22000365
003 - CONTROL NUMBER IDENTIFIER
control field DLC
005 - DATE AND TIME OF LATEST TRANSACTION
control field 20260227111213.0
008 - FIXED-LENGTH DATA ELEMENTS--GENERAL INFORMATION
fixed length control field 761206s1915 xx 000 0 eng
010 ## - LIBRARY OF CONGRESS CONTROL NUMBER
LC control number e 22000365
035 ## - SYSTEM CONTROL NUMBER
System control number (OCoLC)2600557
040 ## - CATALOGING SOURCE
Original cataloging agency DLC
Transcribing agency GStG
Modifying agency DLC
042 ## - AUTHENTICATION CODE
Authentication code premarc
050 00 - LIBRARY OF CONGRESS CALL NUMBER
Classification number PN1031
Item number .C58
100 1# - MAIN ENTRY--PERSONAL NAME
Personal name Colvin, Sidney,
Dates associated with a name 1845-1927.
245 10 - TITLE STATEMENT
Title On concentration and suggestion in poetry,
Statement of responsibility, etc. by Sir Sidney Colvin.
260 ## - PUBLICATION, DISTRIBUTION, ETC.
Place of publication, distribution, etc. [Oxford,
Name of publisher, distributor, etc. Oxford university press]
Date of publication, distribution, etc. 1915.
300 ## - PHYSICAL DESCRIPTION
Extent 26 p.
Dimensions 25 cm.
490 0# - SERIES STATEMENT
Series statement The English association. Pamphlet,
Volume/sequential designation no. 32
650 #0 - SUBJECT ADDED ENTRY--TOPICAL TERM
Topical term or geographic name entry element Poetry.

No items available.

Powered by Koha